000 00769cam a2200265 a 4500
999 _c7577
_d7577
001 23689908
003 OCoLC
005 20190213155348.0
008 910411s1991 ilu 000 0 eng
010 _a 91017604
020 _a0896939138
020 _a9780896939134
035 _a(OCoLC)23689908
040 _aDLC
_beng
_cDLC
_dBAKER
_dBTCTA
_dYDXCP
_dBDX
_dOCLCO
_dOCLCF
050 0 0 _aBV4509.5
_b.R63 1991
082 0 0 _a248.4
_220
_bR658D
092 0 _a248.4
_bR6616
100 1 _aRobinson, Haddon W.
245 1 0 _aDecision-making by the book /
_cHaddon Robinson.
260 _aWheaton, Ill. :
_bVictor Books,
_cc1991.
300 _a166 p. ;
_c22 cm.
650 0 _aDecision making
_xReligious aspects
_xChristianity.
650 0 _aChristian life.
942 _2ddc
_cBK